000 00700nam a22001937a 4500
999 _c175745
_d175745
005 20200924114844.0
010 _aUR-10869
020 _c500.00
_a9789389733914
035 _aU-9424
037 _bDBAD/PUB
082 _a440
100 _aر في‍ق ا حمد با نڈ ے
245 _aقو ا عد ا ر د و کی پہچا ن
_cر في‍ق ا حمد با نڈ ے
246 _bQawayed Urdu Ki Pehchan(Urdu)
_aby Rafiq Ahmed Banday
260 _aN.Delhi
_bEducational Publishing House
_c2020 ء
270 _aH.O.D1/16,Ansari Road,Darya ganj,
_bN.Delhi
_e110002
_k45678285,23216162
_l0091-11-23211540
300 _a134 ص
_c22 Cm(Hb)
942 _2ddc
_cUR
_h440
_mا ر د